Online
Catalog

Diez consejos prácticos en el Salmo 37. / (Record no. 50280)

MARC details
000 -CABECERA
campo de control de longitud fija 01641nam a22002297a 4500
003 - IDENTIFICADOR DEL NÚMERO DE CONTROL
campo de control DO-SdBNP
005 - FECHA Y HORA DE LA ÚLTIMA TRANSACCIÓN
campo de control 20210825112859.0
007 - CAMPO FIJO DE DESCRIPCIÓN FÍSICA--INFORMACIÓN GENERAL
campo de control de longitud fija ta
008 - DATOS DE LONGITUD FIJA--INFORMACIÓN GENERAL
campo de control de longitud fija 210825e2018 dr ||||gr|||| 001 edesp d
020 ## - NÚMERO INTERNACIONAL ESTÁNDAR DEL LIBRO
Número Internacional Estándar del Libro 9789945609837
040 ## - FUENTE DE LA CATALOGACIÓN
Centro catalogador/agencia de origen DO-SdBNP
Lengua de catalogación spa
Centro/agencia transcriptor BNPHU
041 ## - CÓDIGO DE LENGUA
Código de lengua original spa
082 ## - NÚMERO DE LA CLASIFICACIÓN DECIMAL DEWEY
Número de documento/Ítem R173d
100 12 - ENTRADA PRINCIPAL--NOMBRE DE PERSONA
9 (RLIN) 2867
Nombre de persona Guerrero Ramírez, Rafael,
Fechas asociadas al nombre 1962-
245 13 - MENCIÓN DE TÍTULO
Título Diez consejos prácticos en el Salmo 37. /
Mención de responsabilidad, etc. Rafael Guerrero Ramírez; Óscar Arocha, pról.
260 ## - PUBLICACIÓN, DISTRIBUCIÓN, ETC.
Lugar de publicación, distribución, etc. Santo Domingo :
Nombre del editor, distribuidor, etc. Editorial Santuario,
-- Editora Búho,
Fecha de publicación, distribución, etc. 2018
300 ## - DESCRIPCIÓN FÍSICA
Extensión 112 p;
Dimensiones 23 cm
505 ## - NOTA DE CONTENIDO CON FORMATO
Nota de contenido con formato Prólogo. /
Mención de responsabilidad Óscar Arocha.
Título Introducción.--
-- Consejo 1. No te turbes a causa de los malos, porque ellos son temporales (Salmo 37.1-2).--
-- Consejo 2. Haz el bien, mirando a Dios y no a los hombres; porque Dios te hizo bien a pesar de tu maldad (Salmo 37.3).--
-- consejo 4. confíale tu vida al Señor y Él te dará la victoria (Salmo 37.5-6).--
-- Consejo 5. Pon tu esperanza en el Señor, porque Él nunca falla (Salmo 37.7.a y 22-26).--
-- Consejo 6. No te alteres por el éxito de los impíos, porque Dios te dará algo mejor (Salmo 37.7.b y 17-21).--
-- Consejo 7. controla tus emociones negativas, porque Dios controla todo para tu bien (Salmo 37.8-16).--
-- Consejo 8. Apártate del mal y haz el bien, porque cada uno cosecha lo que siembra (Salmo 37.27-33).--
-- Consejo 9. Afírmate en Dios y en su camino y Él te exaltará sobre los que se exaltan (Salmo 37.34-36).--
-- Consejo 10. Practica la integridad y la justicia y Dios estará contigo (Salmo 37.37-40)
590 ## - NOTA LOCAL (RLIN)
Nota local Inventariado 2021 / MF
700 12 - PUNTO DE ACCESO ADICIONAL--NOMBRE DE PERSONA
Nombre de persona Arocha, Óscar
Término indicativo de función/relación pról.
9 (RLIN) 79574
942 ## - ELEMENTOS DE PUNTO DE ACCESO ADICIONAL (KOHA)
Fuente del sistema de clasificación o colocación Dewey Decimal Classification
Tipo de ítem Koha Libro
Holdings
Estado de retiro Estado de pérdida Fuente del sistema de clasificación o colocación Restricciones de uso No para préstamo Código de colección Localización permanente Ubicación/localización actual Ubicación en estantería Fecha de adquisición Fuente de adquisición Total de préstamos Signatura topográfica completa Código de barras Fecha visto por última vez Precio válido a partir de Tipo de ítem Koha Número de copia
    Dewey Decimal Classification Excluido de préstamo Excluido de préstamo Dominicana de Servicio Biblioteca Nacional Pedro Henríquez Ureña General Depósito 27.11.2018 Donado por Editora Búho   R173d 2021-25699 25.08.2021 25.08.2021 Libro y Folleto Colección Dominicana de Servicio e.3
    Dewey Decimal Classification Excluido de préstamo Excluido de préstamo Patrimonio Dominicano Biblioteca Nacional Pedro Henríquez Ureña Patrimonio Dominicano Depósito 27.11.2018 Donado por Editora Búho   R173d 2021-25696 25.08.2021 25.08.2021 Libro y Folleto Colección Patrimonio Dominicano  
    Dewey Decimal Classification Excluido de préstamo Préstamo restrigido Patrimonio Dominicano Biblioteca Nacional Pedro Henríquez Ureña Patrimonio Dominicano Depósito 27.11.2018 Donado por Editora Búho   R173d 2021-25698 25.08.2021 25.08.2021 Libro y Folleto Colección Patrimonio Dominicano e.2

Powered by Koha